[Event "IECC M email"]
[Site "IECC email"]
[Date "2001.08.27"]
[Round "?"]
[White "Yahner, Andrew"]
[Black "Seymour, Zachary"]
[Result "0-1"]
[WhiteElo "1200"]
[BlackElo "1000"]
[PlyCount "34"]
[EventDate "2001.??.??"]
[EventType "tourn (corr)"]
[EventRounds "6"]
[SourceTitle "Corr 2008"]
[Source "ChessBase"]
[SourceDate "2008.06.24"]
[SourceVersion "1"]
[SourceVersionDate "2008.06.24"]
[SourceQuality "1"]

1. e4 c5 2. d4 cxd4 3. c3 dxc3 4. Nxc3 e6 5. Nf3 Bb4 6. Bc4 Bxc3+ 7. bxc3 b6 8. Ba3 Bb7 9. Qd3 Nf6 10. Qd6 Nxe4 11. Qd4 Qf6 12. 0-0-0 Nxf2 13. Ne5 Nxh1 14. Nxd7 Qxd4 15. Rxd4 Nxd7 16. Bb5 Rd8 17. c4 a6 0-1